<?xml version="1.0" encoding="UTF-8"?>
<record
    xmlns:xsi="http://www.w3.org/2001/XMLSchema-instance"
    xsi:schemaLocation="http://www.loc.gov/MARC21/slim http://www.loc.gov/standards/marcxml/schema/MARC21slim.xsd"
    xmlns="http://www.loc.gov/MARC21/slim">

  <leader>02830nam a22003735a 4500</leader>
  <controlfield tag="003">OSt</controlfield>
  <controlfield tag="005">20170114110827.0</controlfield>
  <controlfield tag="008">170112s2010    ua     frb    000 0 ara d</controlfield>
  <datafield tag="015" ind1=" " ind2=" ">
    <subfield code="a">2009/23513</subfield>
  </datafield>
  <datafield tag="020" ind1=" " ind2=" ">
    <subfield code="a">9789770927313</subfield>
  </datafield>
  <datafield tag="040" ind1=" " ind2=" ">
    <subfield code="a">EG-ScBUE</subfield>
    <subfield code="b">ara</subfield>
    <subfield code="c">EG-ScBUE</subfield>
  </datafield>
  <datafield tag="043" ind1=" " ind2=" ">
    <subfield code="a">f-ua---</subfield>
  </datafield>
  <datafield tag="082" ind1="0" ind2="4">
    <subfield code="a">346.62</subfield>
    <subfield code="b">&#x633; &#x646; &#x647;&#x640;</subfield>
    <subfield code="2">22</subfield>
  </datafield>
  <datafield tag="100" ind1="1" ind2=" ">
    <subfield code="a">&#x633;&#x646;&#x647;&#x648;&#x631;&#x64A;&#x60C; &#x639;&#x628;&#x62F; &#x627;&#x644;&#x631;&#x632;&#x627;&#x642;.</subfield>
  </datafield>
  <datafield tag="245" ind1="1" ind2="2">
    <subfield code="a">&#x627;&#x644;&#x648;&#x633;&#x64A;&#x637; &#x641;&#x64A; &#x634;&#x631;&#x62D; &#x627;&#x644;&#x642;&#x627;&#x646;&#x648;&#x646; &#x627;&#x644;&#x645;&#x62F;&#x646;&#x64A; /</subfield>
    <subfield code="c">&#x639;&#x628;&#x62F; &#x627;&#x644;&#x631;&#x632;&#x627;&#x642; &#x627;&#x644;&#x633;&#x646;&#x647;&#x648;&#x631;&#x64A; &#x61B; &#x62A;&#x62D;&#x62F;&#x64A;&#x62B; &#x648;&#x62A;&#x646;&#x642;&#x64A;&#x62D; &#x623;&#x62D;&#x645;&#x62F; &#x645;&#x62F;&#x62D;&#x62A; &#x627;&#x644;&#x645;&#x631;&#x627;&#x63A;&#x64A;.</subfield>
  </datafield>
  <datafield tag="250" ind1=" " ind2=" ">
    <subfield code="a">&#x637;. 1.</subfield>
  </datafield>
  <datafield tag="260" ind1=" " ind2=" ">
    <subfield code="a">&#x627;&#x644;&#x642;&#x627;&#x647;&#x631;&#x629; :</subfield>
    <subfield code="b">&#x62F;&#x627;&#x631; &#x627;&#x644;&#x634;&#x631;&#x648;&#x642;&#x60C;</subfield>
    <subfield code="c">2010.</subfield>
  </datafield>
  <datafield tag="300" ind1=" " ind2=" ">
    <subfield code="a">11 &#x645;&#x62C;. &#x61B;</subfield>
    <subfield code="c">24 &#x633;&#x645;.</subfield>
  </datafield>
  <datafield tag="500" ind1=" " ind2=" ">
    <subfield code="a">&#x637;&#x628;&#x639;&#x629; &#x62A;&#x62D;&#x62A;&#x648;&#x64A; &#x622;&#x62E;&#x631; &#x627;&#x644;&#x645;&#x633;&#x62A;&#x62C;&#x62F;&#x627;&#x62A; &#x641;&#x64A; &#x627;&#x644;&#x62A;&#x634;&#x631;&#x64A;&#x639; &#x648;&#x623;&#x62D;&#x643;&#x627;&#x645; &#x627;&#x644;&#x646;&#x642;&#x636; &#x648;&#x627;&#x644;&#x62A;&#x645;&#x64A;&#x64A;&#x632; &#x648;&#x627;&#x644;&#x641;&#x642;&#x647;.</subfield>
  </datafield>
  <datafield tag="504" ind1=" " ind2=" ">
    <subfield code="a">&#x64A;&#x634;&#x62A;&#x645;&#x644; &#x639;&#x644;&#x649; &#x625;&#x631;&#x62C;&#x627;&#x639;&#x627;&#x62A; &#x628;&#x628;&#x644;&#x64A;&#x648;&#x62C;&#x631;&#x627;&#x641;&#x64A;&#x629;.</subfield>
  </datafield>
  <datafield tag="505" ind1="0" ind2=" ">
    <subfield code="a">&#x645;&#x62C;. 1. &#x645;&#x635;&#x627;&#x62F;&#x631; &#x627;&#x644;&#x627;&#x644;&#x62A;&#x632;&#x627;&#x645; -- &#x645;&#x62C;. 2. &#x627;&#x644;&#x625;&#x62B;&#x628;&#x627;&#x62A;-&#x622;&#x62B;&#x627;&#x631; &#x627;&#x644;&#x627;&#x644;&#x62A;&#x632;&#x627;&#x645; -- &#x645;&#x62C;. 3. &#x646;&#x638;&#x631;&#x64A;&#x629; &#x627;&#x644;&#x627;&#x644;&#x62A;&#x632;&#x627;&#x645; &#x628;&#x648;&#x62C;&#x647; &#x639;&#x627;&#x645; (&#x627;&#x644;&#x623;&#x648;&#x635;&#x627;&#x641; - &#x627;&#x644;&#x62D;&#x648;&#x627;&#x644;&#x629; - &#x627;&#x644;&#x627;&#x646;&#x642;&#x636;&#x627;&#x621;) -- &#x645;&#x62C;. 4. &#x627;&#x644;&#x639;&#x642;&#x648;&#x62F; &#x627;&#x644;&#x62A;&#x64A; &#x62A;&#x642;&#x639; &#x639;&#x644;&#x649; &#x627;&#x644;&#x645;&#x644;&#x643;&#x64A;&#x629; : &#x627;&#x644;&#x628;&#x64A;&#x639; &#x648;&#x627;&#x644;&#x645;&#x642;&#x627;&#x64A;&#x636;&#x629; -- &#x645;&#x62C;. 5. &#x627;&#x644;&#x639;&#x642;&#x648;&#x62F; &#x627;&#x644;&#x62A;&#x64A; &#x62A;&#x642;&#x639; &#x639;&#x644;&#x649; &#x627;&#x644;&#x645;&#x644;&#x643;&#x64A;&#x629; : &#x627;&#x644;&#x647;&#x628;&#x629; - &#x627;&#x644;&#x634;&#x631;&#x643;&#x629; - &#x627;&#x644;&#x642;&#x631;&#x636; &#x648;&#x627;&#x644;&#x62F;&#x62E;&#x644; &#x627;&#x644;&#x62F;&#x627;&#x626;&#x645; - &#x627;&#x644;&#x635;&#x644;&#x62D; -- &#x645;&#x62C;. 6. &#x627;&#x644;&#x625;&#x64A;&#x62C;&#x627;&#x631; &#x648;&#x627;&#x644;&#x639;&#x627;&#x631;&#x64A;&#x629; -- &#x62C;. 1 &#x641;&#x64A; &#x645;&#x62C;. 7. &#x627;&#x644;&#x639;&#x642;&#x648;&#x62F; &#x627;&#x644;&#x648;&#x627;&#x631;&#x62F;&#x629; &#x639;&#x644;&#x649; &#x627;&#x644;&#x639;&#x645;&#x644; : &#x627;&#x644;&#x645;&#x642;&#x627;&#x648;&#x644;&#x629; &#x648;&#x627;&#x644;&#x648;&#x643;&#x627;&#x644;&#x629; &#x648;&#x627;&#x644;&#x648;&#x62F;&#x64A;&#x639;&#x629; &#x648;&#x627;&#x644;&#x62D;&#x631;&#x627;&#x633;&#x629; -- &#x62C;. 2 &#x641;&#x64A; &#x645;&#x62C;. 7. &#x639;&#x642;&#x62F; &#x627;&#x644;&#x62A;&#x623;&#x645;&#x64A;&#x646; &#x648;&#x627;&#x644;&#x645;&#x642;&#x627;&#x645;&#x631;&#x629; &#x648;&#x627;&#x644;&#x631;&#x647;&#x627;&#x646; &#x648;&#x627;&#x644;&#x645;&#x631;&#x62A;&#x628; &#x645;&#x62F;&#x649; &#x627;&#x644;&#x62D;&#x64A;&#x627;&#x629; -- &#x645;&#x62C;. 8.&#x62D;&#x642; &#x627;&#x644;&#x645;&#x644;&#x643;&#x64A;&#x629; : &#x645;&#x639; &#x634;&#x631;&#x62D; &#x645;&#x641;&#x635;&#x644; &#x644;&#x644;&#x623;&#x634;&#x64A;&#x627;&#x621; &#x648;&#x627;&#x644;&#x623;&#x645;&#x648;&#x627;&#x644; &#x648;&#x642;&#x627;&#x646;&#x648;&#x646; &#x62D;&#x645;&#x627;&#x64A;&#x629; &#x627;&#x644;&#x645;&#x644;&#x643;&#x64A;&#x629; &#x627;&#x644;&#x641;&#x643;&#x631;&#x64A;&#x629; -- &#x645;&#x62C;. 9. &#x623;&#x633;&#x628;&#x627;&#x628; &#x643;&#x633;&#x628; &#x627;&#x644;&#x645;&#x644;&#x643;&#x64A;&#x629; &#x645;&#x639; &#x627;&#x644;&#x62D;&#x642;&#x648;&#x642; &#x627;&#x644;&#x639;&#x64A;&#x646;&#x64A;&#x629; &#x627;&#x644;&#x623;&#x635;&#x644;&#x64A;&#x629; &#x627;&#x644;&#x645;&#x62A;&#x641;&#x631;&#x639;&#x629; &#x639;&#x646; &#x627;&#x644;&#x645;&#x644;&#x643;&#x64A;&#x629; : (&#x62D;&#x642; &#x627;&#x644;&#x627;&#x646;&#x62A;&#x641;&#x627;&#x639; &#x648;&#x62D;&#x642; &#x627;&#x644;&#x627;&#x631;&#x62A;&#x641;&#x627;&#x642;) -- &#x645;&#x62C;. 10. &#x627;&#x644;&#x62A;&#x623;&#x645;&#x64A;&#x646;&#x627;&#x62A; &#x627;&#x644;&#x634;&#x62E;&#x635;&#x64A;&#x629; &#x648;&#x627;&#x644;&#x639;&#x64A;&#x646;&#x64A;&#x629;.</subfield>
  </datafield>
  <datafield tag="541" ind1="0" ind2=" ">
    <subfield code="c">&#x625;&#x647;&#x62F;&#x627;&#x621; &#x61B;</subfield>
    <subfield code="a">&#x623;&#x633;&#x62A;&#x627;&#x630;. &#x645;&#x62D;&#x645;&#x62F; &#x641;&#x631;&#x64A;&#x62F; &#x62E;&#x645;&#x64A;&#x633; - &#x623;&#x633;&#x62A;&#x627;&#x630;. &#x641;&#x62A;&#x62D;&#x64A; &#x639;&#x628;&#x62F; &#x627;&#x644;&#x645;&#x646;&#x639;&#x645;.</subfield>
  </datafield>
  <datafield tag="650" ind1=" " ind2="7">
    <subfield code="a">&#x627;&#x644;&#x642;&#x627;&#x646;&#x648;&#x646; &#x627;&#x644;&#x645;&#x62F;&#x646;&#x64A;</subfield>
    <subfield code="z">&#x645;&#x635;&#x631;.</subfield>
    <subfield code="2">BUEsh</subfield>
  </datafield>
  <datafield tag="650" ind1=" " ind2="7">
    <subfield code="a">&#x627;&#x644;&#x627;&#x644;&#x62A;&#x632;&#x627;&#x645;&#x627;&#x62A;</subfield>
    <subfield code="z">&#x645;&#x635;&#x631;.</subfield>
    <subfield code="2">BUEsh</subfield>
    <subfield code="9">40936</subfield>
  </datafield>
  <datafield tag="650" ind1=" " ind2="7">
    <subfield code="a">&#x627;&#x644;&#x639;&#x642;&#x648;&#x62F; (&#x642;&#x627;&#x646;&#x648;&#x646; &#x645;&#x62F;&#x646;&#x649;)</subfield>
    <subfield code="z">&#x645;&#x635;&#x631;.</subfield>
    <subfield code="2">BUEsh</subfield>
    <subfield code="9">40832</subfield>
  </datafield>
  <datafield tag="650" ind1=" " ind2="7">
    <subfield code="a">&#x627;&#x644;&#x62A;&#x623;&#x645;&#x64A;&#x646;</subfield>
    <subfield code="x">&#x642;&#x648;&#x627;&#x646;&#x64A;&#x646; &#x648;&#x62A;&#x634;&#x631;&#x64A;&#x639;&#x627;&#x62A;</subfield>
    <subfield code="z">&#x645;&#x635;&#x631;.</subfield>
    <subfield code="2">BUEsh</subfield>
    <subfield code="9">41060</subfield>
  </datafield>
  <datafield tag="650" ind1=" " ind2="7">
    <subfield code="a">&#x627;&#x644;&#x645;&#x644;&#x643;&#x64A;&#x629; &#x627;&#x644;&#x639;&#x642;&#x627;&#x631;&#x64A;&#x629; </subfield>
    <subfield code="x">&#x642;&#x648;&#x627;&#x646;&#x64A;&#x646; &#x648;&#x62A;&#x634;&#x631;&#x64A;&#x639;&#x627;&#x62A; </subfield>
    <subfield code="z">&#x645;&#x635;&#x631;.</subfield>
    <subfield code="2">BUEsh</subfield>
    <subfield code="9">40901</subfield>
  </datafield>
  <datafield tag="650" ind1=" " ind2="7">
    <subfield code="a">&#x62D;&#x642;&#x648;&#x642; &#x627;&#x644;&#x62A;&#x623;&#x644;&#x64A;&#x641; &#x648;&#x627;&#x644;&#x646;&#x634;&#x631;</subfield>
    <subfield code="x">&#x642;&#x648;&#x627;&#x646;&#x64A;&#x646; &#x648;&#x62A;&#x634;&#x631;&#x64A;&#x639;&#x627;&#x62A;</subfield>
    <subfield code="z">&#x645;&#x635;&#x631;.</subfield>
    <subfield code="2">BUEsh</subfield>
    <subfield code="9">41044</subfield>
  </datafield>
  <datafield tag="650" ind1=" " ind2="7">
    <subfield code="a">&#x627;&#x644;&#x639;&#x645;&#x644; &#x648;&#x627;&#x644;&#x639;&#x645;&#x627;&#x644;</subfield>
    <subfield code="x">&#x642;&#x648;&#x627;&#x646;&#x64A;&#x646; &#x648;&#x62A;&#x634;&#x631;&#x64A;&#x639;&#x627;&#x62A;</subfield>
    <subfield code="z">&#x645;&#x635;&#x631;.</subfield>
    <subfield code="2">BUEsh</subfield>
    <subfield code="9">10938</subfield>
  </datafield>
  <datafield tag="651" ind1=" " ind2=" ">
    <subfield code="2">BUEsh</subfield>
  </datafield>
  <datafield tag="653" ind1=" " ind2=" ">
    <subfield code="b">LLAAWW</subfield>
    <subfield code="c">January2017</subfield>
  </datafield>
  <datafield tag="700" ind1=" " ind2=" ">
    <subfield code="a">&#x645;&#x631;&#x627;&#x63A;&#x64A;&#x60C; &#x623;&#x62D;&#x645;&#x62F; &#x645;&#x62F;&#x62D;&#x62A;.</subfield>
  </datafield>
  <datafield tag="942" ind1=" " ind2=" ">
    <subfield code="2">ddc</subfield>
  </datafield>
  <datafield tag="999" ind1=" " ind2=" ">
    <subfield code="c">23911</subfield>
    <subfield code="d">23883</subfield>
  </datafield>
  <datafield tag="952" ind1=" " ind2=" ">
    <subfield code="0">0</subfield>
    <subfield code="1">0</subfield>
    <subfield code="2">ddc</subfield>
    <subfield code="4">0</subfield>
    <subfield code="7">0</subfield>
    <subfield code="a">MAIN</subfield>
    <subfield code="b">MAIN</subfield>
    <subfield code="c">1ST</subfield>
    <subfield code="d">2017-01-12</subfield>
    <subfield code="e">Donation</subfield>
    <subfield code="o">346.62 &#x633; &#x646; &#x647;&#x640;</subfield>
    <subfield code="p">000040879</subfield>
    <subfield code="r">2025-07-15 00:00:00</subfield>
    <subfield code="y">NB</subfield>
    <subfield code="z">&#x645;&#x62C;. 1</subfield>
  </datafield>
  <datafield tag="952" ind1=" " ind2=" ">
    <subfield code="0">0</subfield>
    <subfield code="1">0</subfield>
    <subfield code="2">ddc</subfield>
    <subfield code="4">0</subfield>
    <subfield code="7">0</subfield>
    <subfield code="a">MAIN</subfield>
    <subfield code="b">MAIN</subfield>
    <subfield code="c">1ST</subfield>
    <subfield code="d">2017-01-12</subfield>
    <subfield code="e">Donation</subfield>
    <subfield code="o">346.62 &#x633; &#x646; &#x647;&#x640;</subfield>
    <subfield code="p">000040880</subfield>
    <subfield code="r">2025-07-15 00:00:00</subfield>
    <subfield code="y">NB</subfield>
    <subfield code="z">&#x645;&#x62C;. 2</subfield>
  </datafield>
  <datafield tag="952" ind1=" " ind2=" ">
    <subfield code="0">0</subfield>
    <subfield code="1">0</subfield>
    <subfield code="2">ddc</subfield>
    <subfield code="4">0</subfield>
    <subfield code="7">0</subfield>
    <subfield code="a">MAIN</subfield>
    <subfield code="b">MAIN</subfield>
    <subfield code="c">1ST</subfield>
    <subfield code="d">2017-01-12</subfield>
    <subfield code="e">Donation</subfield>
    <subfield code="o">346.62 &#x633; &#x646; &#x647;&#x640;</subfield>
    <subfield code="p">000040881</subfield>
    <subfield code="r">2025-07-15 00:00:00</subfield>
    <subfield code="y">NB</subfield>
    <subfield code="z">&#x645;&#x62C;. 3</subfield>
  </datafield>
  <datafield tag="952" ind1=" " ind2=" ">
    <subfield code="0">0</subfield>
    <subfield code="1">0</subfield>
    <subfield code="2">ddc</subfield>
    <subfield code="4">0</subfield>
    <subfield code="7">0</subfield>
    <subfield code="a">MAIN</subfield>
    <subfield code="b">MAIN</subfield>
    <subfield code="c">1ST</subfield>
    <subfield code="d">2017-01-12</subfield>
    <subfield code="e">Donation</subfield>
    <subfield code="o">346.62 &#x633; &#x646; &#x647;&#x640;</subfield>
    <subfield code="p">000040882</subfield>
    <subfield code="r">2025-07-15 00:00:00</subfield>
    <subfield code="y">NB</subfield>
    <subfield code="z">&#x645;&#x62C;. 4</subfield>
  </datafield>
  <datafield tag="952" ind1=" " ind2=" ">
    <subfield code="0">0</subfield>
    <subfield code="1">0</subfield>
    <subfield code="2">ddc</subfield>
    <subfield code="4">0</subfield>
    <subfield code="7">0</subfield>
    <subfield code="a">MAIN</subfield>
    <subfield code="b">MAIN</subfield>
    <subfield code="c">1ST</subfield>
    <subfield code="d">2017-01-12</subfield>
    <subfield code="e">Donation</subfield>
    <subfield code="o">346.62 &#x633; &#x646; &#x647;&#x640;</subfield>
    <subfield code="p">000040883</subfield>
    <subfield code="r">2025-07-15 00:00:00</subfield>
    <subfield code="y">NB</subfield>
    <subfield code="z">&#x645;&#x62C;. 5</subfield>
  </datafield>
  <datafield tag="952" ind1=" " ind2=" ">
    <subfield code="0">0</subfield>
    <subfield code="1">0</subfield>
    <subfield code="2">ddc</subfield>
    <subfield code="4">0</subfield>
    <subfield code="7">0</subfield>
    <subfield code="a">MAIN</subfield>
    <subfield code="b">MAIN</subfield>
    <subfield code="c">1ST</subfield>
    <subfield code="d">2017-01-12</subfield>
    <subfield code="e">Donation</subfield>
    <subfield code="o">346.62 &#x633; &#x646; &#x647;&#x640;</subfield>
    <subfield code="p">000040884</subfield>
    <subfield code="r">2025-07-15 00:00:00</subfield>
    <subfield code="s">2019-08-03</subfield>
    <subfield code="y">NB</subfield>
    <subfield code="z">&#x645;&#x62C;. 6</subfield>
  </datafield>
  <datafield tag="952" ind1=" " ind2=" ">
    <subfield code="0">0</subfield>
    <subfield code="1">0</subfield>
    <subfield code="2">ddc</subfield>
    <subfield code="4">0</subfield>
    <subfield code="7">0</subfield>
    <subfield code="a">MAIN</subfield>
    <subfield code="b">MAIN</subfield>
    <subfield code="c">1ST</subfield>
    <subfield code="d">2017-01-12</subfield>
    <subfield code="e">Donation</subfield>
    <subfield code="o">346.62 &#x633; &#x646; &#x647;&#x640;</subfield>
    <subfield code="p">000040885</subfield>
    <subfield code="r">2025-11-13 00:00:00</subfield>
    <subfield code="y">NB</subfield>
    <subfield code="z">&#x645;&#x62C;. 7. 1</subfield>
  </datafield>
  <datafield tag="952" ind1=" " ind2=" ">
    <subfield code="0">0</subfield>
    <subfield code="1">0</subfield>
    <subfield code="2">ddc</subfield>
    <subfield code="4">0</subfield>
    <subfield code="7">0</subfield>
    <subfield code="a">MAIN</subfield>
    <subfield code="b">MAIN</subfield>
    <subfield code="c">1ST</subfield>
    <subfield code="d">2017-01-12</subfield>
    <subfield code="e">Donation</subfield>
    <subfield code="o">346.62 &#x633; &#x646; &#x647;&#x640;</subfield>
    <subfield code="p">000040886</subfield>
    <subfield code="r">2025-07-15 00:00:00</subfield>
    <subfield code="y">NB</subfield>
    <subfield code="z">&#x645;&#x62C;. 7. 2</subfield>
  </datafield>
  <datafield tag="952" ind1=" " ind2=" ">
    <subfield code="0">0</subfield>
    <subfield code="1">0</subfield>
    <subfield code="2">ddc</subfield>
    <subfield code="4">0</subfield>
    <subfield code="7">0</subfield>
    <subfield code="a">MAIN</subfield>
    <subfield code="b">MAIN</subfield>
    <subfield code="c">1ST</subfield>
    <subfield code="d">2017-01-12</subfield>
    <subfield code="e">Donation</subfield>
    <subfield code="o">346.62 &#x633; &#x646; &#x647;&#x640;</subfield>
    <subfield code="p">000040887</subfield>
    <subfield code="r">2025-07-15 00:00:00</subfield>
    <subfield code="y">NB</subfield>
    <subfield code="z">&#x645;&#x62C;. 8</subfield>
  </datafield>
  <datafield tag="952" ind1=" " ind2=" ">
    <subfield code="0">0</subfield>
    <subfield code="1">0</subfield>
    <subfield code="2">ddc</subfield>
    <subfield code="4">0</subfield>
    <subfield code="7">0</subfield>
    <subfield code="a">MAIN</subfield>
    <subfield code="b">MAIN</subfield>
    <subfield code="c">1ST</subfield>
    <subfield code="d">2017-01-12</subfield>
    <subfield code="e">Donation</subfield>
    <subfield code="o">346.62 &#x633; &#x646; &#x647;&#x640;</subfield>
    <subfield code="p">000040888</subfield>
    <subfield code="r">2025-07-15 00:00:00</subfield>
    <subfield code="y">NB</subfield>
    <subfield code="z">&#x645;&#x62C;. 9</subfield>
  </datafield>
  <datafield tag="952" ind1=" " ind2=" ">
    <subfield code="0">0</subfield>
    <subfield code="1">0</subfield>
    <subfield code="2">ddc</subfield>
    <subfield code="4">0</subfield>
    <subfield code="7">0</subfield>
    <subfield code="a">MAIN</subfield>
    <subfield code="b">MAIN</subfield>
    <subfield code="c">1ST</subfield>
    <subfield code="d">2017-01-12</subfield>
    <subfield code="e">Donation</subfield>
    <subfield code="o">346.62 &#x633; &#x646; &#x647;&#x640;</subfield>
    <subfield code="p">000040889</subfield>
    <subfield code="r">2025-11-26 00:00:00</subfield>
    <subfield code="y">NB</subfield>
    <subfield code="z">&#x645;&#x62C;. 10</subfield>
  </datafield>
</record>
